|
|
|
|
| LEADER |
00000nam a22000007a 4500 |
| 005 |
20210519215849.0 |
| 007 |
cr|||| |||| |
| 008 |
210519s2017 co |||||s|||| 00||0 spa d |
| 020 |
|
|
|a 978-958-762-653-7
|
| 035 |
|
|
|a 33535
|
| 040 |
|
|
|a vLex
|
| 090 |
|
|
|c 11736
|d 11736
|
| 100 |
1 |
|
|a Rincn̤ Soto, Carlos Augusto
|
| 245 |
1 |
0 |
|a Plan de Cuentas contextualizado bajo NIF: GRUPO 3
|h [Recurso electrn̤ico] :
|b Prc̀ticas de gobernanza contable en microempresas: tesauro y taxonoma̕ /
|c Carlos Augusto Rincn̤ Soto, Gherson Grajales Londoǫ
|
| 250 |
|
|
|a 2da. Edicin̤
|
| 256 |
|
|
|a Servicio en ln̕ea
|
| 260 |
|
|
|a Bogot:̀
|b Ediciones de la U,
|c 2017
|
| 300 |
|
|
|a 1 recurso electrn̤ico
|
| 500 |
|
|
|a El plan de cuentas para la implementacin̤ de las NIF del grupo 3, segn︢ la normatividad en el anexo 3 del Decreto 2420 de Diciembre de 2015, corresponde a las empresas micro, con el cual este material brinda el soporte necesario para establecer los parm̀etros y procedimientos de la trazabilidad contable dentro de la convergencia de la Ley 1314 de 2009. Desde el mismo momento de los inicios de la regulacin̤ de la praxis contable surge un concepto importante en la modelacin̤ sistm̌ica ampliado por el profesor Rincn̤ (2.014) en su tesis de maestra̕: ?Tesauro contable? donde establece esta forma de clasificacin̤ con fines de recuperacin̤, la cual es importante en el proceso de entrada en un sistema de informacin̤ contable (SIC). El plan de cuentas concebido por Eugen Smalenbach (1919) en su libro el Balance Dinm̀ico es un tipo de tesauro en el cual se extrae la informacin̤ para la elaboracin̤ de los indicadores que se revelarǹ en los informes de gestin̤. Por lo tanto, la contabilidad no revela planes de cuentas, revela reportes conformados por informes, declaraciones, taxonoma̕s, estados financieros, entre otros documentos propios de la presentacin̤ y rendicin̤ de cuentas.
|
| 506 |
1 |
|
|a Disponible solo en los productos indicados
|d vLex Global
|d vLex Global (Academic Edition, excluding Law Schools)
|d vLex Global (U.S. Academic Edition, Law Schools)
|d vLex Global (U.S. Academic Edition, excluding Law Schools)
|d vLex Global (Academic Edition, Law Schools)
|
| 650 |
0 |
4 |
|a Contabilidad
|z Colombia
|
| 650 |
0 |
4 |
|a Banca y finanzas
|z Colombia
|
| 700 |
1 |
|
|a Grajales Londoǫ, Gherson
|
| 740 |
0 |
|
|a vLex Libros (Servicio en ln̕ea)
|
| 856 |
4 |
0 |
|u https://vlex.com/source/plan-de-cuentas-contextualizado-bajo-nif-grupo-3-practicas-de-gobernanza-contable-en-microempresas-tesauro-y-taxonomia-2a-edicion-33535
|z Acceso restringido
|
| 942 |
|
|
|c BOOK
|
| 999 |
0 |
|
|a Accounting
|
| 999 |
0 |
|
|a Banking and finance
|